Statistics for Every Club Sergio Ramos Has Scored Against

Click here to take the quiz!

General Stats

  • This quiz has been taken 168 times
    (122 since last reset)
  • The average score is 26 of 43

Answer Stats

#Country of clubClub% Correct
5SpainFC Barcelona
96%
6SpainAtlético Madrid
94%
2GermanyBayern Munich
92%
7SpainSevilla
92%
5SpainValencia
86%
4SpainReal Betis
84%
1GermanyBorussia Dortmund
81%
6SpainAthletic Bilbao
80%
4SpainReal Sociedad
76%
1ItalyInter Milan
75%
1TurkeyGalatasaray
74%
1SpainVillarreal
73%
1CyprusAPOEL
67%
1GreeceOlympiacos
67%
1FranceOlympique Lyonnais
67%
1BelgiumClub Brügge
66%
3SpainDeportivo La Coruña
66%
3SpainEspanyol
66%
4SpainGetafe
66%
4SpainLevante
64%
4SpainOsasuna
64%
3SpainMallorca
61%
2SpainCelta Vigo
60%
5SpainMálaga
60%
2SpainReal Valladolid
60%
1ItalySSC Napoli
60%
1SpainGranada
56%
1BelarusBATE Borisov
54%
3SpainGirona
54%
2SpainRayo Vallecano
54%
1SpainDeportivo Alavés
52%
1SpainEibar
49%
1RomaniaSteaua București
49%
1SpainLas Palmas
46%
1SpainReal Madrid
46%
1SpainAlmería
45%
5SpainLeganes
41%
1SpainZaragoza
39%
1SpainRacing Santander
29%
1ArgentinaSan Lorenzo
26%
1United Arab EmiratesAl-Ain FC
22%
1MexicoCruz Azul
22%
1PortugalNacional
6%

Score Distribution

Percentile by Number Answered

Percent of People with Each Score

Your Score History

You have not taken this quiz since the last reset